00702nam a2200205 i 450000100060000000300090000600500170001500700030003200800410003510000190007624501690009525000120026426000350027630000280031150500530033965000410039270000210043370000180045485200240047296480ES-MaACL20230906181924.0t|050627s1914 fr |||| | spa d1 aMalet, Albert.10aCurso completo de historia para uso de la segunda enseñanza / cpor Albert Malet ; con la colaboración de Charles Maquet ; versión castellana por Miguel Ruiz. a6ª ed. aParis : bCoulommiers, c1914. a3 t. en 2 v. ; c19 cm.8 aContiene: I. El Oriente - II. Grecia - III. Roma 4aHistoria antigua-vLibros escolares.1 aMaquet, Charles.1 aRuiz, Miguel. aES-MaACLjB-6074-75